| 000 | 00895cab a2200241 4500 | ||
|---|---|---|---|
| 001 | X3857 | ||
| 008 | 090401t1996 xxu||||| |||| 00| 0 eng d | ||
| 035 | _a(Sirsi) u33398 | ||
| 041 | _aeng | ||
| 245 | _aNational Home Loans Corporation plc v Giffen Couch & Archer | ||
| 260 | _c1996 | ||
| 350 | _a0 | ||
| 490 |
_aNew Property Cases _v[1996] NPC 177, (2) |
||
| 520 | _aChD 6 December 1996. A lawyer acting for a mortgagee on a self-certification mortgage who discovers before the loan is completed that the borrower is in default on another loan, is under an obligation to tell the mortgagee. ARTICLE HEADING. NOT TO BE PHOTOCOPIED. | ||
| 650 | _aDUTY TO INFORM | ||
| 650 | _aMORTGAGE ARREARS | ||
| 650 | _aMORTGAGES | ||
| 650 | _aNATIONAL HOME LOANS CORPORATION PLC V GIFFEN COUCH & ARCHER | ||
| 650 | _aSOLICITORS | ||
| 690 | _aLAW-CASE LAW | ||
| 942 | _n0 | ||
| 948 | _c04/03/1997 | ||
| 999 |
_c22316 _d22316 |
||